[Event "Hong Kong op"]
[Site "Hong Kong"]
[Date "2014.10.02"]
[Round "3"]
[White "O, Yu"]
[Black "Benham, Hamdolah"]
[Result "0-1"]
[WhiteElo "1325"]
[BlackElo "1975"]
[PlyCount "90"]
[EventDate "2014.10.01"]
[EventType "swiss"]
[EventRounds "9"]
[EventCountry "HKG"]
[SourceTitle "CBM 162 Extra"]
[Source "ChessBase"]
[SourceDate "2014.10.17"]
[SourceVersion "1"]
[SourceVersionDate "2014.10.17"]
[SourceQuality "1"]

1. e4 e5 2. Nf3 Nc6 3. c3 Nf6 4. d4 d6 5. Bg5 Be7 6. d5 Nb8 7. Nbd2 Nbd7 8. Bb5 a6 9. Ba4 b5 10. Bc2 0-0 11. 0-0 h6 12. Bxf6 Nxf6 13. h3 Bd7 14. c4 c5 15. b3 b4 16. a3 a5 17. a4 Nh7 18. Qb1 Ng5 19. Re1 Qc8 20. Nxg5 Bxg5 21. Nf1 Qd8 22. Ng3 Qf6 23. Qd1 g6 24. Qd3 Rae8 25. Bd1 h5 26. Qf3 Qg7 27. Bc2 h4 28. Nf1 f5 29. exf5 Bxf5 30. Qd1 Qf6 31. Re2 Rf7 32. Ra2 Ref8 33. Ne3 Bxe3 34. Rxe3 Qg5 35. Bxf5 gxf5 36. Ree2 e4 37. Qf1 Rg7 38. f4 Qg3 39. Rab2 Qxh3 40. g3 Qxf1+ 41. Kxf1 hxg3 42. Rg2 Rf6 43. Ke2 Rh6 44. Ke3 Rh1 45. Ke2 Rc1 0-1

[Event "Hong Kong op"]
[Site "Hong Kong"]
[Date "2014.10.01"]
[Round "1"]
[White "O, Yu"]
[Black "Zhang, Xiaopeng"]
[Result "0-1"]
[WhiteElo "1325"]
[BlackElo "2228"]
[PlyCount "56"]
[EventDate "2014.10.01"]
[EventType "swiss"]
[EventRounds "9"]
[EventCountry "HKG"]
[SourceTitle "CBM 162 Extra"]
[Source "ChessBase"]
[SourceDate "2014.10.17"]
[SourceVersion "1"]
[SourceVersionDate "2014.10.17"]
[SourceQuality "1"]

1. e4 c5 2. Nf3 Nc6 3. d4 cxd4 4. Nxd4 g6 5. Nc3 Bg7 6. Be3 Nf6 7. f3 0-0 8. Be2 d5 9. Nxc6 bxc6 10. e5 Nd7 11. f4 Qa5 12. 0-0 Rb8 13. Rb1 f6 14. exf6 Bxf6 15. Bd4 Bxd4+ 16. Qxd4 Rb4 17. Qe3 e5 18. Qg3 Rbxf4 19. Rxf4 Rxf4 20. Bf3 Nf8 21. Ne2 Qc5+ 22. Kh1 Rf5 23. c3 e4 24. Bg4 Rg5 25. h3 h5 26. Qc7 Bxg4 27. hxg4 Rxg4 28. Ng1 Qf2 0-1

[Event "Hong Kong-ch op"]
[Site "Hong Kong"]
[Date "2013.09.29"]
[Round "4"]
[White "Leung, Ho Yan Andrew"]
[Black "O, Yu"]
[Result "1/2-1/2"]
[WhiteElo "1713"]
[BlackElo "1299"]
[PlyCount "21"]
[EventDate "2013.09.27"]
[EventType "swiss"]
[EventRounds "9"]
[EventCountry "HKG"]
[SourceTitle "EXT 2015"]
[Source "ChessBase"]
[SourceDate "2014.11.20"]
[SourceVersion "1"]
[SourceVersionDate "2014.11.20"]
[SourceQuality "1"]

1. e4 d5 2. exd5 Qxd5 3. Nc3 Qa5 4. d4 c6 5. Nf3 Bg4 6. h3 Bh5 7. g4 Bg6 8. Ne5 e6 9. Nxg6 hxg6 10. Qf3 Nf6 11. Bd2 1/2-1/2